Alicia en el país de las maravillas

Guardat en:
Dades bibliogràfiques
Autor principal: Caroll, Lewis (Autor)
Format: Llibre
Idioma:espanyol
Publicat: Santiago Pehuén 1984
Edició:1a. ed
Col·lecció:Colección Moby Dick
Matèries:
Etiquetes: Afegir etiqueta
Sense etiquetes, Sigues el primer a etiquetar aquest registre!

MARC

LEADER 00000nam a2200000 a 4500
001 UCH5485
003 CL-VaPUC
008 091014e19840000CL |||||||||||||||||spa|d
082 0 4 |a 823  |b CAR  |2 21 
100 0 |a Caroll, Lewis  |e author  |9 541760 
245 1 0 |a Alicia en el país de las maravillas 
250 |a 1a. ed 
300 |a 187 p 
942 |c BK 
945 |d 20091014 00:00:00  |a ccalabra 
260 |a Santiago  |b Pehuén  |c 1984 
650 0 |a Literatura  |9 259151 
650 0 |a Literatura inglesa  |9 312907 
650 0 |a Novelas inglesas  |9 265220 
650 0 |a Escritores ingleses  |9 389424 
650 0 |a Ficción   |9 376687 
650 0 |a Lectura  |9 307634 
583 |a last modification  |c 20091014 00:00:00  |k Rodrigo Vera 
490 0 |a Colección Moby Dick 
999 |c 336617  |d 336615